The Coppie of a letter sent from one of the queenes servants at the Hague to a gentleman in Westminster dated the second of May, 1642 : whereunto is added two strange prophesies concerning these times : with the predictions of Henry of Huntington /

Bibliographic Details
Other Authors: Asladowne, Thomas, M. M., Henry, of Huntingdon, 1084?-1155
Format: Microform Book
Language:English
Latin
Series:Early English books, 1641-1700 ; 1438:37.
Subjects:

MARC

Tag First Indicator Second Indicator Subfields
LEADER 00000cam a2200000 a 4500
001 in00000901707
005 20150923174435.0
007 hd afv---baca
007 hz bfv---baaa
008 840925s1642 miu a 00000 eng d
035 |a (OCoLC)11196503 
035 |9 AEM2942AM 
037 |a CL0037000050  |b University Microfilms International 
037 |b University Microfilms International, 300 N. Zeeb Rd., Ann Arbor, Mich. 48106. 
040 |a EAE  |c EAE  |d UMI  |d m/c  |d UtOrBLW 
041 0 |a eng  |a lat 
043 |a e-uk-en 
045 2 |b d1642  |b d1649 
049 |a TXAI 
090 |a BF1812.G7  |b C66 
099 |a film   |a  B   |a  3609 
245 0 4 |a The Coppie of a letter sent from one of the queenes servants at the Hague to a gentleman in Westminster dated the second of May, 1642 :  |b whereunto is added two strange prophesies concerning these times : with the predictions of Henry of Huntington /  |c written by Tho. Asladowne in the year of our Lord 1556. 
264 3 |a London :  |b Printed for I.T.,  |c 1642. 
300 |a 7 unnumbered pages 
336 |a text  |b txt  |2 rdacontent 
337 |a microform  |b h  |2 rdamedia 
338 |a microfilm reel  |b hd  |2 rdacarrier 
500 |a Although given on the title page as author, Asladowne only wrote A prophecie of Tho. Asladowne. 
500 |a The preditions of Henry of Huntingdon is in Latin. 
500 |a A letter from the Hague signed: M.M. -- A prophecie concerning these times -- Henr. Huntingdonensis hist. leaves 6 initio -- A prophecie of Tho. Asladowne written in the year of our Lord, 1556. 
500 |a Reproduction of the original in the Harvard University Library. 
510 4 |a Wing  |c C6144A. 
533 |a Microfilm.  |b Ann Arbor, Mich. :  |c University Microfilms International,  |d 1983.  |e 1 microfilm reel ; 35 mm.  |f (Early English books, 1641-1700 : 1438:37) 
500 |a Microform. 
651 0 |a Great Britain  |x History  |y Civil War, 1642-1649  |x Prophecies. 
651 0 |a Great Britain  |x History  |x Prophecies. 
700 1 2 |a Asladowne, Thomas.  |t Prophesie of Tho. Asladowne written in the year of our Lord 1556. 
700 0 |a M. M. 
700 0 |a Henry,  |c of Huntingdon,  |d 1084?-1155. 
830 0 |a Early English books, 1641-1700 ;  |v 1438:37. 
999 |a MARS 
999 f f |s 7f86fbe9-5b27-325c-9500-21643f25d984  |i 9479f05f-b47a-31f4-89eb-db11da79910f  |t 0 
952 f f |p default  |a Texas A&M University  |b College Station  |c Sterling C. Evans Library  |d Evans: Microforms (3rd floor)  |t 0  |e film B 3609 1438:37  |h Other scheme  |i microform -- microfilm reel 
998 f f |a film B 3609 1438:37  |t 0  |l Evans: Microforms (3rd floor)